| 000 | 00767nam a22002537a 4500 | ||
|---|---|---|---|
| 005 | 20250423114855.0 | ||
| 008 | 110726t xxu||||| |||| 00| 0 eng d | ||
| 010 | _aENG-103133 | ||
| 020 |
_a9788180548420 _c185.00 |
||
| 020 |
_a8180548422 _c185.00 |
||
| 035 | _aEN-86666,B-216889 | ||
| 037 | _bDBAD / PUB | ||
| 040 |
_adpl _bEnglish |
||
| 082 | _a330.954 | ||
| 100 |
_929868 _aby Tayal, B.B. |
||
| 245 |
_aDemocracy and governance in India / _cby B.B. Tayal [and] B.S. Bagla |
||
| 250 | _a2nd ed | ||
| 260 |
_aNew Delhi _bSultan Chand _c2011 |
||
| 270 |
_a23, Daryaganj _bNew Delhi _e110002 |
||
| 300 |
_axiv,357p. : _c24cm (pbk) _bill. |
||
| 500 | _aIncludes index | ||
| 700 |
_929871 _aBagla, B.S. |
||
| 942 |
_2ddc _cEN _h330.954 _mTAY |
||
| 999 |
_c54374 _d54374 |
||